000 00783cam a2200265 i 4500
999 _c129586
_d129586
001 1745749
003 ARRUPE
005 20190509095602.0
008 760309s1975 nyu b 001 0 eng
010 _a 75042519
020 _a0883443945
040 _aDLC
_cDLC
_dDLC
043 _af------
050 0 0 _aBV245
_b.M484 1975b
082 0 0 _a299/.6
100 1 _aMbiti, John S.
_926059
245 1 4 _aThe prayers of African religion /
_cJohn S. Mbiti.
260 _aMaryknoll, N.Y. :
_bOrbis Books,
_c1975.
300 _axii, 193 p. ;
_c22 cm.
500 _aIncludes indexes.
504 _aBibliography: p. 179-181.
650 0 _aPrayers.
_946336
651 0 _aAfrica
_xReligion.
_946337
906 _a7
_bcbc
_corignew
_d1
_eocip
_f19
_gy-gencatlg
942 _2lcc
_cMONOGRAPH